El pensamiento vivo [de Sandino] /

Gorde:
Xehetasun bibliografikoak
Egile nagusia: Sandino, Augusto César (autor)
Beste egile batzuk: Ramírez, Sergio (selección) (selección)
Formatua: Liburua
Hizkuntza:gaztelania
Argitaratua: Managua, Nicaragua : Nueva Nicaragua, 1984, c1984
Edizioa:Edición revisada y aumentada
Saila:(Pensamiento Vivo ; 4)
Gaiak:
Etiketak: Etiketa erantsi
Etiketarik gabe, Izan zaitez lehena erregistro honi etiketa jartzen!

MARC

LEADER 00000nam^a2200000^a^4500
001 000396654
005 20250521000000.0
009 20260310121437.225
037 |a Acervo Xavier Clavigero 
041 |a ESP 
082 |a 972. 85051  |b SAN 
100 |a Sandino, Augusto César  |e (autor) 
240 1 4 |a [El pensamiento vivo de Sandino] 
245 1 3 |a El pensamiento vivo [de Sandino] /  |c A.C. Sandino ; selec., introd. y notas de S. Ramírez. 
250 |a Edición revisada y aumentada 
264 4 |a Managua, Nicaragua :  |b Nueva Nicaragua,  |c 1984, c1984 
300 |a 2 v. (409, 514 p.) 
336 |a texto  |b txt  |2 rdacontenido 
337 |a sin mediación  |b n  |2 rdamedio 
338 |a volumen  |b nc  |2 rdasoporte 
440 1 |a (Pensamiento Vivo ;  |v 4) 
561 |a Ex libris de Instituto de Literatura Puente Grande, Jal., volúmenes 1 y 2 
561 |a Ex libris de Bibl. Iunioratus Dom. Prob. S. Ioseph, volúmenes 1 y 2 
649 |a XX 
650 |a Revolucionarios Nicaragüenses -  |x Memorias 
650 |a Revolucionarios Nicaragüenses -  |x Entrevistas 
650 |a Políticos Nicaragüenses -  |x Memorias 
650 |a Políticos Nicaragüenses -  |x Entrevistas 
650 |a Cartas Nicaragüenses 
650 |a Intervención Militar de EUA -  |x Historia -  |y 1919-1933 
650 |a Intervención Militar en Nicaragua -  |x Historia -  |y 1893-1934 
650 |a Relaciones Internacionales -  |z EUA-Nicaragua 
650 |a Política Exterior -  |z EUA -  |x Historia -  |y 1919-1933 
650 |a Política Exterior -  |z Nicaragua -  |x Historia -  |y 1893-1934 
650 |a Política -  |z EUA -  |x Historia -  |y 1919-1933 
650 |a Política -  |z Nicaragua -  |x Historia -  |y 1893-1934 
650 |a EUA -  |x Historia -  |y 1919-1933 
650 |a EUA -  |x Historia -  |y Siglo XX 
650 |a Nicaragua -  |x Historia -  |x Documentos 
650 |a Nicaragua -  |x Historia -  |y 1893-1934 -  |x Tema Principal 
650 |a Nicaragua -  |x Historia -  |y Siglo XX 
650 |a Sandino, Augusto César -  |x Tema Principal 
700 |a Ramírez, Sergio  |e (selección) 
910 |a Fondo General 
920 |a Impresos - Libros 
930 |a Colección General 
905 |a 101 
901 |a 037611  |b IT1  |c ACC  |u 20250521 
901 |a 037614  |b IT1  |c ACC  |u 20250521 
902 |a https://opac.biblio.iteso.mx/vufind/Record/000396654